000 00346 a2200157 4500
001 74924
020 _a8576661713
040 _cAnchieta - Colégio São Paulo
100 _aCampos, Carmem Lucia
240 1 0 _aÉ meu! É meu
_lpor
245 1 0 _aÉ meu! É meu
300 _a24
362 0 _a2005
650 4 _aLiteratura infantil
942 _cBK
999 _c74924
_d74924